[Event "Regionalliga SW 9798"]
[Site "Bayern"]
[Date "1997.??.??"]
[Round "?.6"]
[White "Wittal, Werner"]
[Black "Stremme, Wolfgang"]
[Result "1-0"]
[WhiteElo "1955"]
[BlackElo "1930"]
[PlyCount "93"]
[EventDate "1997.10.??"]
[EventType "team-tourn"]
[EventRounds "9"]
[EventCountry "GER"]
[SourceTitle "EXT 2020"]
[Source "ChessBase"]
[SourceDate "2019.10.17"]
[SourceVersion "1"]
[SourceVersionDate "2019.10.17"]
[SourceQuality "1"]
[WhiteTeam "Noerdlingen"]
[BlackTeam "Pasing II"]
[WhiteTeamCountry "GER"]
[BlackTeamCountry "GER"]

1. d4 d5 2. Nf3 Bf5 3. c3 c6 4. Bf4 Nd7 5. Nbd2 Ngf6 6. h3 e6 7. e3 c5 8. Nh4 Be4 9. f3 Nh5 10. fxe4 Nxf4 11. Qg4 Ng6 12. Nxg6 hxg6 13. exd5 exd5 14. 0-0-0 Qb6 15. Qf3 Nf6 16. g4 0-0-0 17. Bg2 Rd7 18. g5 Ne8 19. Kb1 f5 20. c4 cxd4 21. cxd5 dxe3 22. Nc4 Qa6 23. Ne5 Rc7 24. Qxe3 Bc5 25. Qf3 Rh4 26. Rc1 Ra4 27. Nd3 Rxa2 28. Rxc5 Rxc5 29. Nxc5 Ra1+ 30. Kc2 Qc4+ 31. Qc3 Qe2+ 32. Kb3 Qb5+ 33. Qb4 Qxb4+ 34. Kxb4 Rxh1 35. Bxh1 Kc7 36. Ne6+ Kd6 37. Nd4 a6 38. Ne2 Ke5 39. Kc5 Nd6 40. Kb6 f4 41. Kc7 a5 42. Nxf4 Ne8+ 43. Kd8 Kxf4 44. Kxe8 Ke5 45. Kf7 b5 46. Kxg6 a4 47. Bf3 1-0